| 000 | 01154cam a2200289 a 4500 | ||
|---|---|---|---|
| 999 |
_c128421 _d128421 |
||
| 001 | 3462888 | ||
| 003 | ARRUPE | ||
| 005 | 20181023093932.0 | ||
| 008 | 921118s1990 it a 000 0 ita | ||
| 010 | _a 92240596 | ||
| 020 | _a8805051993 | ||
| 040 |
_aDLC _cDLC _dDLC |
||
| 043 |
_af-rh--- _ae-it--- |
||
| 050 | 0 | 0 |
_aR722.32.G85 _bA4 1990 |
| 100 | 2 |
_aGuidotti Mistrali, Luisa, _d1932-1979. _943054 |
|
| 245 | 1 | 0 |
_aShona con gli Shona : _blettere dall'Africa / _cLuisa Guidotti Mistrali ; a cura di Maria Cavazzuti Guerzoni. |
| 260 |
_aTorino : _bSocietà editrice internazionale, _cc1990. |
||
| 300 |
_a309 p. : _bill. ; _c23 cm. |
||
| 440 | 0 |
_aReligione _943055 |
|
| 600 | 2 | 0 |
_aGuidotti Mistrali, Luisa, _d1932-1979 _xCorrespondence. _943056 |
| 650 | 0 |
_aMissionaries, Medical _zZimbabwe _xCorrespondence. _943057 |
|
| 650 | 0 |
_aMissionaries, Medical _zItaly _xCorrespondence. _943058 |
|
| 700 | 2 |
_aCavazzuti Guerzoni, Maria, _d1938- _943059 |
|
| 906 |
_a7 _bcbc _corignew _d3 _encip _f19 _gy-gencatlg |
||
| 942 |
_2lcc _cMONOGRAPH |
||